logo

Bir Sreshtho Munshi Abdur Rouf Library
Jhenaidah Cadet College

দ্য লিংকন লয়্যার / (Record no. 13041)

MARC details
000 -LEADER
fixed length control field 00916nam a2200253 a 4500
001 - CONTROL NUMBER
JCCL Control Number 13041
003 - CONTROL NUMBER IDENTIFIER
JCCL marc code BD-JhCC
005 - DATE AND TIME OF LATEST TRANSACTION
control field 20230614123218.0
008 - FIXED-LENGTH DATA ELEMENTS--GENERAL INFORMATION
fixed length control field 230614s2022 bg |||| |||| 000 0 ben d
020 ## - INTERNATIONAL STANDARD BOOK NUMBER
International Standard Book Number 9789849619338
035 ## - SYSTEM CONTROL NUMBER
system control number (BD-JhCC)13041
040 ## - CATALOGING SOURCE
Original cataloging agency BD-JhCC
Modifying agency BD-JhCC
041 ## - LANGUAGE CODE
Language code of Book ben
082 ## - DEWEY DECIMAL CLASSIFICATION NUMBER
Classification number 813.54
Author mark and Year CON 2022
100 ## - MAIN ENTRY--PERSONAL NAME
Personal name কনেলি, মাইকেল
245 ## - TITLE STATEMENT
Title দ্য লিংকন লয়্যার /
Statement of responsibility, etc মাইকেল কনেলি; সুমাইয়া সিমি এবং এম এস আই সোহান (অনু.)
260 ## - PUBLICATION, DISTRIBUTION, ETC. (IMPRINT)
Place of publication, distribution, etc ঢাকা :
Name of publisher, distributor, etc ভাষা প্রকাশ,
Date of publication, distribution, etc ২০২২
300 ## - PHYSICAL DESCRIPTION
Pagination ৩৫২ পৃ. :
Dimensions ২১ সেমি.
650 ## - SUBJECT ADDED ENTRY--TOPICAL TERM
Topical term or geographic name as entry element Attorney and client
650 ## - SUBJECT ADDED ENTRY--TOPICAL TERM
Topical term or geographic name as entry element American fiction
700 ## - ADDED ENTRY--PERSONAL NAME
Personal name সিমি, সুমাইয়া
700 ## - ADDED ENTRY--PERSONAL NAME
Personal name সোহান, এম এস আই
942 ## - ADDED ENTRY ELEMENTS (KOHA)
Source of classification or shelving scheme Dewey Decimal Classification
Koha item type Books
Holdings
Source of classification or shelving scheme Damaged status Not for loan Home library Current library Shelving location Date of accession Cost, normal purchase price Total Checkouts Full call number Barcode Checked out Date last seen Date checked out Copy number Method of acquisition Koha item type Currency
Dewey Decimal Classification     JCC Rouf Library JCC Rouf Library General Stacks 06/14/2023 382.00 5 813.54 CON 2022 17763 02/15/2026 01/21/2026 01/21/2026 C-1 Purchase Books BDT

JCC Library | Contacts | JCC Home

Last Update on 23 September 2017
Copyright @ 2017-2020 JCC Rouf Library
Rouf Library, Jhenidah Cadet College (JCC), Bangladesh